000 01693nam a2200241 a 4500
001 000036198
005 20250311114825.0
008 120111s1986 ag r 000 0 spa d
020 _a9509097659
040 _aDO-SdBNP
_bspa
_cBNPHU
082 _axxxx
_bxxxx
240 0 0 _aA feminist perspective in the academy. The difference it makes.
_lEspañol
245 0 3 _aLa actuación femenina en el mundo académico /
_cElizabeth Langland y Walter Gove compiladores ; traducción Esteban Usabiaga.
260 _aBuenos Aires :
_bFraterna,
_c1986.
300 _a221 p. ;
_c20 cm.
500 _aIncluye referencias bibliográficas y notas al pie de las páginas
505 0 _tPrólogo de los editores /
_rElizabeth Langland y Walter Gove. --
_tEl sentido de la diferencia /
_rPatricia Meyer Spacks. --
_tNuevos horizontes para la crítica feminista en teatro y artes afines /
_rNancy S. Reinhardt. --
_tLa crítica feminista en el estudio de la religión /
_rRosemary Radford Ruether. --
_tAportes del Movimiento Feminista a la historia norteamericana /
_rCarl N. Degler. --
_tDesde el silencio: la mujer y la ciencia política /
_rNannerl O. Keohane. --
_tEfectos del feminismo en el estudio de la economía /
_rNancy S. Barrett. --
_tLa antropología y el estudio del género /
_rJudith Shapiro. --
_tCambios en las concepciones sobre el hombre y la mujer: un enfoque psicológico /
_rJanet T. Spence. --
_tLa mujer en la sociología: nuevas pautas de estudio y viejas concepciones /
_rCynthia Fuchs Epstein
590 _aInventariado, 2019/BT
650 2 0 _aFeminismo
_92525
700 1 _aLangland, Elizabeth,
_ecomp.
_962249
700 1 _aGove, Walter,
_ecomp.
_962250
700 1 _aUsabiaga, Esteban,
_etrad.
_962251
999 _c35689
_d35689